000 00490nam a22001577a 4500
008 230626b xxu||||| |||| 00| 0 eng d
020 _a1843695340
082 _a333.74
_bNEL
100 _cJoost Nelen
245 _aFrom Colonisation to conslutation
_bRegulating use of a pastoral zone in samorogouan Burkina Faso
260 _binternational institute for Environment abd Development
_cNov 2004
300 _a44p
600 _cNata Traore
700 _cMoumouni Ouattara
942 _2ddc
_cBK
999 _c2684
_d2684